000 00820nam a22002057a 4500
999 _c11595
_d11595
003 AR-CdUCM
008 190404b ||||| |||| 00| 0 spa d
020 _a9972-728-96-X
040 _aMUNICIPALIDAD PROVINCIAL DEL CUSCO
_cBIBLIOTECA MUNICIPAL DEL CUSCO
082 _aEP / 372.460 /
_bM61
110 _aMinisterio de Educación
_912839
245 _aComunicación Integral Minka 4 :
_bCuaderno de Trabajo /
260 _aLima :
_bCoorporación Gráfica Navarrete S. A.
300 _a158 páginas ;
_bIlustraciones
_c27cm
500 _aEducación primaria 4to
505 _a Contenido-. Elaboremos nuestro periódico mural -- Organizamos la escuela de padres -- Defendemos la vida -- Participamos en el Minka escolar...
650 _aEducación primaria
_91561
942 _2ddc
_cLIBROS
945 _anom
_d2019-04-04